Nhà văn hiện đại T.2

Salvato in:
Dettagli Bibliografici
Autore principale: Vũ, Ngọc Phan
Natura: Libro
Lingua:Undetermined
Pubblicazione: H. KHXH 1989
Soggetti:
Accesso online:http://lrc.tdmu.edu.vn/opac/search/detail.asp?aID=2&ID=7016
Tags: Aggiungi Tag
Nessun Tag, puoi essere il primo ad aggiungerne! !
Thư viện lưu trữ: Trung tâm Học liệu Trường Đại học Thủ Dầu Một
LEADER 00614nam a2200205Ia 4500
001 TDMU_7016
008 210410s9999 xx 000 0 und d
082 |a 895.922 09 
090 |b V500 
100 |a Vũ, Ngọc Phan 
245 0 |a Nhà văn hiện đại 
245 0 |c Vũ Ngọc Phan 
245 0 |n T.2 
260 |a H. 
260 |b KHXH 
260 |c 1989 
300 |a 1191tr 
650 |a Nhà văn Việt Nam; Nhà văn Việt Nam hiện đại 
856 |u http://lrc.tdmu.edu.vn/opac/search/detail.asp?aID=2&ID=7016 
980 |a Trung tâm Học liệu Trường Đại học Thủ Dầu Một